Music Quiz

Random Music or Song Quiz

Wrapped around Your Finger lyrics Quiz Stats

 Plays Quiz not verified by Sporcle

Score 0/160 Timer 10:00
0 Plays Today
% Correct
the
98.5%
the
98.5%
and
98.5%
the
98.5%
the
98.5%
a
98.5%
the
98.5%
and
98.5%
the
98.5%
the
98.5%
And
98.5%
I
96%
I
96%
I
96%
I
96%
I
96%
I
96%
You
94.9%
you
94.9%
you
94.9%
You
94.9%
you
94.9%
me
87.9%
me
87.9%
me.
87.9%
me.
87.9%
be
84.9%
be
84.9%
be
84.9%
be
84.9%
be
84.9%
be
84.9%
be
84.9%
to
77.9%
to
77.9%
to
77.9%
to
77.9%
in
76.1%
in
76.1%
can
72.4%
is
72.4%
is
72.4%
your
71.3%
your
71.3%
your
71.3%
your
71.3%
your
71.3%
your
71.3%
your
71.3%
your
71.3%
your
71.3%
your
71.3%
see
70.6%
see
70.6%
% Correct
of
69.5%
of
69.5%
will
67.6%
will
67.6%
will
67.6%
will
67.6%
my
67.6%
my
67.6%
my
67.6%
know
65.1%
not
63.6%
not
63.6%
it
63.2%
I'll
61.4%
I'll
61.4%
I'll
61.4%
I'll
61.4%
have
60.7%
When
60.7%
what
59.6%
if
56.6%
they
55.5%
come
54.4%
would
54.4%
come
54.4%
around
54%
around
54%
around
54%
you're
54%
around
54%
around
54%
around
54%
around
54%
around
54%
finger.
52.2%
wrapped
52.2%
finger.
52.2%
wrapped
52.2%
finger.
52.2%
wrapped
52.2%
finger.
52.2%
wrapped
52.2%
finger.
52.2%
wrapped
52.2%
finger.
52.2%
wrapped
52.2%
finger.
52.2%
wrapped
52.2%
finger.
52.2%
at
51.1%
just
50.4%
you'll
49.6%
you'll
49.6%
You'll
49.6%
% Correct
You'll
49.6%
up
49.3%
should
48.5%
here
46.3%
only
45.2%
by
44.5%
find
44.1%
find
44.1%
it's
43.8%
Things
42.6%
same.
42.6%
young
42.3%
ring
42.3%
teach
42.3%
knowledge.
41.5%
college.
41.2%
gold.
41.2%
name.
41.2%
apprentice.
40.4%
never
40.4%
seeking
40.1%
consider
39.7%
between
39.7%
turn
39%
Caught
37.9%
master.
37.5%
flesh
36.8%
band
35.7%
servant
35.7%
into
35.3%
linger.
34.6%
shining
34.2%
Staring
33.8%
destiny
33.5%
sold.
32.4%
fruition.
32%
alabaster.
30.9%
sea
30.5%
behind
30.5%
deep
29%
blue
28.7%
listen
28.3%
tuition.
28.3%
hard
27.6%
air
26.8%
Hypnotized
24.6%
Mephistopheles
23.5%
Vanish
23.2%
Scylla
22.8%
Devil
22.1%
Turned
20.6%
Charybdis.
14.7%

You're not logged in!

Compare scores with friends on all Sporcle quizzes.
OR
Log In

Show Comments

Extras

Created Nov 26, 2010ReportNominate
Tags:Song Quiz, sting, written

Top Quizzes Today


Score Distribution

Your Account Isn't Verified!

In order to create a playlist on Sporcle, you need to verify the email address you used during registration. Go to your Sporcle Settings to finish the process.

Report this User

Report this user for behavior that violates our Community Guidelines.

Details: